| 000 | 00566nam a22001697a 4500 | ||
|---|---|---|---|
| 003 | PILC | ||
| 005 | 20150526100924.0 | ||
| 008 | 150526b xxu||||| |||| 00| 0 eng d | ||
| 050 |
_a TK 5105.8885.D74 _b.M183 2002 |
||
| 100 | _aMadrid, Evangeline W. | ||
| 245 |
_a HTML : _bdesigning a web page / _cEvangeline W. Madrid, Josephine Medina-Manalad. |
||
| 260 |
_aMandaluyong City : _bHyperbit Computer System, _c2002. |
||
| 300 |
_a170 pages : _billustrations ; _c28 cm. |
||
| 650 |
_aWeb sites _xDesign. |
||
| 700 | _aMedina-Manalad, Josephine. | ||
| 942 |
_2lcc _cBK _kFIL |
||
| 999 |
_c284370 _d284370 |
||